Transmisión del calor / (Registro nro. 7775)
[ vista simple ]
| 000 -CABECERA | |
|---|---|
| Campo de control interno | 01926nam a2200265Ia 4500 |
| 008 - ELEMENTOS DE LONGITUD FIJA - INFORMACIÓN GENERAL | |
| Campo de control de longitud fija | 260220t1979||||xx |||||||||||||| ||spa|| |
| 040 ## - FUENTE DE CATALOGACIÓN | |
| Agencia de catalogación original | PY-SlUNAC |
| Idioma de catalogación | spa |
| Convenciones de descripción | rda |
| 041 ## - CÓDIGO DE IDIOMA | |
| Código de idioma para texto/pista de sonido o título separado | spa |
| 082 ## - NÚMERO DE CLASIFICACIÓN DECIMAL DEWEY | |
| Clasificación Decimal Dewey (CDD) | 536.2 |
| Clasificación Expansiva de Cutter (EC) | Isa1t |
| 100 ## - ASIENTO PRINCIPAL - NOMBRE PERSONAL | |
| Nombre personal | Isachenko, V. |
| Rol del autor | Autor |
| 245 #0 - TÍTULO | |
| Título | Transmisión del calor / |
| Mención de responsabilidad | por V. Isachenko [Autor]; V. Osipova [Autor] y A. Sukomel [Autor] |
| 264 ## - PIE DE IMPRENTA | |
| Lugar | Barcelona : |
| Editorial | Marcombo, |
| Año | ℗1979. |
| 300 ## - DESCRIPCIÓN FÍSICA | |
| Páginas | 1 volumen |
| 520 ## - NOTA DE RESUMEN | |
| Nota de resumen | En "Transmisión del calor", V. Isachenko ofrece un análisis exhaustivo de los principios fundamentales que rigen la transferencia de calor en diversos sistemas. El autor aborda las tres modalidades principales de transferencia: conducción, convección y radiación, proporcionando una comprensión clara de los mecanismos involucrados y su aplicación en situaciones prácticas. A través de un enfoque sistemático, se discuten las leyes físicas que sustentan estos procesos, así como las ecuaciones que permiten calcular las tasas de transferencia de calor en diferentes condiciones. El libro incluye ejemplos ilustrativos y problemas resueltos que facilitan la asimilación de conceptos complejos. Además, se examinan las implicaciones de la transmisión de calor en campos como la ingeniería, la física y la arquitectura, destacando su relevancia en el diseño de sistemas térmicos eficientes. La obra se convierte en una referencia indispensable para estudiantes y profesionales interesados en la termodinámica y la transferencia de calor, contribuyendo a una mejor comprensión de estos fenómenos en contextos aplicados. |
| 653 ## - MATERIA - TÉRMINO TEMÁTICO NO CONTROLADO (PALABRAS CLAVE) | |
| Materia - término temático no controlado (palabras clave) | Termodinámica |
| 653 ## - MATERIA - TÉRMINO TEMÁTICO NO CONTROLADO (PALABRAS CLAVE) | |
| Materia - término temático no controlado (palabras clave) | Transferencia de calor |
| 653 ## - MATERIA - TÉRMINO TEMÁTICO NO CONTROLADO (PALABRAS CLAVE) | |
| Materia - término temático no controlado (palabras clave) | Transmisión del calor |
| 700 ## - ENTRADA SECUNDARIA - AUTOR PERSONAL | |
| Nombre personal | Osipova, V. |
| Rol del autor | Autor |
| 700 ## - ENTRADA SECUNDARIA - AUTOR PERSONAL | |
| Nombre personal | Sukomel, A. |
| Rol del autor | Autor |
| 942 ## - ELEMENTOS PERSONALIZADOS (KOHA) | |
| Fecha catalogación | 2026/02/17 |
| Tipo de documento | Libros |
| Fuente de Clasificacion | Colección | Ubicacion permanente | Biblioteca actual | Fecha de Ingreso a la Biblioteca | Origen de adquisición | Código de ubicación | Código de barras | Tipo de Item KOHA | Nota pública |
|---|---|---|---|---|---|---|---|---|---|
| Dewey Decimal Classification | Colección General (CG) | Biblioteca e Internet, Facultad de Ciencias Exactas y Naturales | Biblioteca e Internet, Facultad de Ciencias Exactas y Naturales | 02/20/2026 | Donación | 536.2 Isa1t | CG1135 | Libros | Material disponible en la Biblioteca e Intenet, Campus UNA, San Lorenzo. |


